Food for today / (Record no. 11509)

000 -LEADER
fixed length control field 00582cam a2200217 a 4500
020 ## - INTERNATIONAL STANDARD BOOK NUMBER
ISBN 0026761106 (student text)
020 ## - INTERNATIONAL STANDARD BOOK NUMBER
ISBN 0026761203 (teacher's wraparound ed.)
040 ## - CATALOGING SOURCE
Transcribing agency DLC
082 00 - DEWEY DECIMAL CLASSIFICATION NUMBER
Classification number 641 GIE 1990 Or.
100 1# - MAIN ENTRY--AUTHOR NAME
Personal name Kowtaluk, Helen.
245 10 - TITLE STATEMENT
Title Food for today /
250 ## - EDITION STATEMENT
Edition statement 4th ed.
260 ## - PUBLICATION, DISTRIBUTION, ETC. (IMPRINT)
Place of publication Mission Hills, Calif. :
Name of publisher Glencoe Pub. Co.,
Year of publication c1990.
300 ## - PHYSICAL DESCRIPTION
Number of Pages xi, 628 p. :
Other physical details ill. (some col.) ;
Dimensions 27 cm.
500 ## - GENERAL NOTE
General note Includes index.
650 #0 - SUBJECT ADDED ENTRY--TOPICAL TERM
Topical Term Food.
650 #0 - SUBJECT ADDED ENTRY--TOPICAL TERM
Topical Term Nutrition.
650 #0 - SUBJECT ADDED ENTRY--TOPICAL TERM
Topical Term Cooking.
700 1# - ADDED ENTRY--PERSONAL NAME
Personal name Kopan, Alice Orphanos.
942 ## - ADDED ENTRY ELEMENTS (KOHA)
Koha item type សៀវភៅភាសាអង់គ្លេស
952 ## - LOCATION AND ITEM INFORMATION (KOHA)
Withdrawn status [LOCAL, KOHA] 0
Holdings
Permanent Location Date acquired Koha item type Lost status Shelving location Barcode Current Location Full call number
Library Block A2017-08-03សៀវភៅភាសាអង់គ្លេស A037a10507Library Block A641 GIE 1990 A037 Or.
មជ្ឈមណ្ឌលឯការនៃសាកលវិទ្យាល័យភូមិន្ទកសិកម្មចំការដូង

Powered by Koha